Statistics for Random Canada Map Quiz

Click here to take the quiz!

General Stats

  • This quiz has been taken 80 times
  • The average score is 5 of 6

Answers on the Map

Answers color-coded by a green-red scale on the quiz's map according to % correct below.
 

Answer Stats

Answer% Correct
Alberta
100%
British Columbia
100%
Manitoba
100%
New Brunswick
100%
Newfoundland and
Labrador
100%
Nunavut
100%
Quebec
100%
Saskatchewan
100%
Ontario
88%
Nova Scotia
83%
Prince Edward Island
83%
Yukon
80%
Northwest Territories
67%

Score Distribution

Percentile by Number Answered

Percent of People with Each Score

Your Score History

You have not taken this quiz